Psicodiagnóstico a través del dibujo de la figura humana / (Registro nro. 14249)

Detalles MARC
000 -LEADER
fixed length control field 01238nam a2200313 4500
003 - CONTROL NUMBER IDENTIFIER
control field DO-SdBNP
005 - DATE AND TIME OF LATEST TRANSACTION
control field 20220825085528.0
007 - PHYSICAL DESCRIPTION FIXED FIELD--GENERAL INFORMATION
fixed length control field ta
008 - FIXED-LENGTH DATA ELEMENTS--GENERAL INFORMATION
fixed length control field 210928b2018 a|||e |||| 00| 0aspa d
020 ## - INTERNATIONAL STANDARD BOOK NUMBER
International Standard Book Number 9789945168624
040 ## - CATALOGING SOURCE
Original cataloging agency DO-SdBNP
Language of cataloging spa
Transcribing agency BPMSU
082 4# - DEWEY DECIMAL CLASSIFICATION NUMBER
Classification number 158.3
Item number H557p 2019
Edition number 22
100 #1 - MAIN ENTRY--PERSONAL NAME
Personal name Hernández, Carlos,
Dates associated with a name 1957-
245 ## - TITLE STATEMENT
Title Psicodiagnóstico a través del dibujo de la figura humana /
Statement of responsibility, etc. Carlos Hernández,
250 ## - EDITION STATEMENT
Edition statement 4ta. ed.
260 ## - PUBLICATION, DISTRIBUTION, ETC. (IMPRINT)
Place of publication, distribution, etc. Santo Domingo :
Name of publisher, distributor, etc. Búho,
Date of publication, distribution, etc. 2018
300 ## - PHYSICAL DESCRIPTION
Extent 172 p. :
Other physical details il. :
Dimensions 24 cm.
490 0# - SERIES STATEMENT
Series statement Temas de psicología,
Volume/sequential designation 1
500 ## - GENERAL NOTE
General note Incluye datos biográficos del autor en la contracubierta
504 ## - BIBLIOGRAPHY, ETC. NOTE
Bibliography, etc Bibliografía : p. 167-172
505 ## - FORMATTED CONTENTS NOTE
Formatted contents note Incluye índice de contenido
Title Capítulo I. Las técnicas proyectivas : fundamentos teóricos --
-- Capítulo II. Test dibujo de la figura humana de Koppitz --
-- Capítulo III.Test dibujo de la familia --
-- Capítulo IV. Test dibujo de la figura humana de Machover --
590 ## - LOCAL NOTE (RLIN)
Local note inventariado, 2022/VM
650 4# - SUBJECT ADDED ENTRY--TOPICAL TERM
Topical term or geographic name as entry element Psicodiagnóstico
General subdivision Metodología.
650 4# - SUBJECT ADDED ENTRY--TOPICAL TERM
Topical term or geographic name as entry element Psicología clínica.
General subdivision
650 #4 - SUBJECT ADDED ENTRY--TOPICAL TERM
Topical term or geographic name as entry element Psicología aplicada.
650 #4 - SUBJECT ADDED ENTRY--TOPICAL TERM
Topical term or geographic name as entry element Psicoanálisis
Form subdivision Técnicas.
910 ## - USER-OPTION DATA (OCLC)
User-option data VMateo V.
942 ## - ADDED ENTRY ELEMENTS (KOHA)
Source of classification or shelving scheme Dewey Decimal Classification
Koha item type Libros
Existencias
Withdrawn status Lost status Source of classification or shelving scheme Damaged status Not for loan Collection code Home library Current library Date acquired Source of acquisition Full call number Barcode Date last seen Price effective from Koha item type Copy number
    Dewey Decimal Classification     Colección Dominicana Biblioteca Pública Metropolitana Salomé Ureña Biblioteca Pública Metropolitana Salomé Ureña 08/25/2022 Búho BPMSU CD 158.3 H557p 2018 BPMSU22080042 08/25/2022 08/25/2022 Libros  
    Dewey Decimal Classification     Colección Dominicana Biblioteca Pública Metropolitana Salomé Ureña Biblioteca Pública Metropolitana Salomé Ureña 08/25/2022 Búho BPMSU CD 158.3 H557p 2018 BPMSU22080043 08/25/2022 08/25/2022 Libros e.2
    Dewey Decimal Classification     Colección Dominicana Biblioteca Pública Metropolitana Salomé Ureña Biblioteca Pública Metropolitana Salomé Ureña 08/25/2022 Búho BPMSU CD 158.3 H557p 2018 BPMSU22080044 08/25/2022 08/25/2022 Libros e.3